000 00473nam a22001697a 4500
005 20180717160834.0
008 160525b xxu||||| |||| 00| 0 eng d
020 _a81-7014-254-7
041 _aeng
082 _b4877
_a658.1511
100 _aMaheshwari , S.N.
_94545
245 _aProblems and Solutions in Management Accounting and Financial Management
260 _aNew Delhi
_bAcademic Faundation
_c1997
300 _a1163p,
650 _aManagement
_9241
942 _cBK
999 _c1695
_d1694